Statistics for Kings Of Leon Albums

Click here to take the quiz!

General Stats

  • This quiz has been taken 16 times
  • The average score is 7 of 8

Answer Stats

YearAlbum% Correct
2010Come Around Sundown
100%
2008Only by the Night
100%
2016WALLS
100%
2005A-Ha Shake Heartbreak
86%
2007Because of the Times
86%
2013Mechanical Bull
86%
2021When You See Yourself
86%
2003Youth & Young Manhood
57%

Score Distribution

Percentile by Number Answered

Percent of People with Each Score

Your Score History

You have not taken this quiz